000 00306nam a22001337a 4500
003 SGT
082 _a635
_bSPI
100 _aSPINK, THACKER
245 _aFAMILIAR FLOWERING TREES IN INDIA
260 _aCALCUTTA, INDIA
_bTS & CO PUB.
_c1924
300 _a161
650 _aHORTICULTURE
942 _2ddc
_cBK
999 _c29040
_d29040